000 00551nam a22002057a 4500
003 OSt
005 20210426064611.0
008 210311s1961 ||||| |||| 00| 0 eng d
040 _aeng
_beng
_cDLC
041 _aeng
080 _a821.111
_bM-70
100 _9914
_aMiller, Henry
245 _aTropic of Capricorn
_c/ by: Grove Press
260 _aNew York
_bGrove Press
_c1961
300 _a348 p.
365 _b7.5 usd
650 0 _9247
_aEnglish literature
653 _aინგლისური ლიტერატურა
942 _2udc
_cBK
999 _c2179
_d2179